000 00341nam a2200145Ia 4500
008 150201s2008 xx 000 0 und d
082 _a612.015
_bF08D
100 _aDEB ,A.C.
245 _aFUNDAMENTALS OF BIOCHEMISTRY
250 _a9TH
260 _bNCBA
_aCALLACTTA
_c2008
300 _a1-997
650 _aBIOCHEMISTRY
942 _2ddc
_cBK
_02
999 _c594
_d594